| 000 | 01110nam a2200265 a 4500 | ||
|---|---|---|---|
| 001 | 000022837 | ||
| 005 | 20200930021828.0 | ||
| 008 | 101119s2000 sp a 000 0 spa d | ||
| 020 | _a8430603972 | ||
| 040 |
_aDO-SdBNP _bspa _cBNPHU |
||
| 082 |
_a305.409 _bH673m |
||
| 245 | 1 | 0 |
_aHistoria de las mujeres en occidente / _cdirección de Georges Duby y Michelle Perrot ; traducción de Marco Aurelio Galmarini. |
| 260 |
_aMadrid : _bTaurusminor, _c2000. |
||
| 300 |
_a5 v. : _bil. ; _c19 cm. |
||
| 505 | 0 |
_gV.1. _tLa antigüedad / _rReyna Pastor -- _gv.2. _tLa edad media / _rtraducción de Marco Aurelio Galmarini y Cristina García Ohlrich -- _gv.3. _tDel renacimiento a la edad moderna -- _gv.4. _tEl siglo XIX -- _gv.5. _rEl siglo XX. |
|
| 534 |
_aTítulo original : _tStoria delle donne |
||
| 650 | 4 |
_aMujeres _xHistoria _ySIGLO XX _946930 |
|
| 650 | 4 |
_aMujeres _xCondiciones sociales _xHistoria _946931 |
|
| 730 | 0 |
_aStoria delle donne. _lEspañol _946932 |
|
| 700 | 1 |
_aDuby, Georges _946933 |
|
| 700 | 1 |
_aMichelle Perrot _946934 |
|
| 700 | 1 |
_aGalmarini, Marco Aurelio, _etr. _946935 |
|
| 910 | _aWM | ||
| 049 | _aBNGR | ||
| 999 |
_c22334 _d22334 |
||